| 000 | 00543nam a22001817a 4500 | ||
|---|---|---|---|
| 003 | CEME | ||
| 005 | 20210628203343.0 | ||
| 008 | 210115b xxu||||| |||| 00| 0 eng d | ||
| 020 | _a0-07-286854-6 | ||
| 040 | _cceme | ||
| 082 | _a620.0042 LEA | ||
| 100 |
_aLeach, James A _959700 |
||
| 245 | _aAutocad 2004 instructor, a student guide to complete coverage of autocad's commands and features | ||
| 260 |
_aNEW YORK _bMCGRAW HILL _c2004 |
||
| 300 | _aXXXVIII,1302 P | ||
| 650 |
_aAUTOCAD 2004.AUTOCAD INSTRUCTOR. _964923 |
||
| 942 |
_cBK _2ddc |
||
| 999 |
_c573277 _d573277 |
||